La vida de las abejas / (Registro nro. 18233)
[ vista simple ]
| 000 -CABECERA | |
|---|---|
| Campo de control | 00832cam a2200241 a 4500 |
| 005 - FECHA Y HORA DE LA ULTIMA TRANSACCION | |
| Campo de control | 20160317082435.0 |
| 008 - ELEMENTOS DE LONGITUD FIJA—INFORMACION GENERAL | |
| Campo de control | 160316s1946 sp r 00010 spa d |
| 040 ## - FUENTE DE CATALOGACIÓN | |
| Agencia catalogadora original | CO-BoBLA |
| Agencia transcriptora | CO-BoBLA |
| Agencia Modificadora | Co-BoIAvH |
| 041 1# - IDIOMA | |
| Código de idioma para texto/pista de sonido o título separado | Español |
| Código de idioma de la versión original y/o traducciones intermedias del texto | Francés |
| 082 04 - NUMERO DE CLASIFICACION DECIMAL DEWEY | |
| Número de clasificación | 595.799 |
| Número del ítem | M13v |
| 100 1# - ASIENTO PRINCIPAL--NOMBRE PERSONAL | |
| Nombre personal | Maeterlinck, Maurice, |
| Fechas asociadas con el nombre | 1862-1949. |
| 9 (RLIN) | 64299 |
| 245 13 - MENCION DE TITULO | |
| Título | La vida de las abejas / |
| Mención de responsabilidad | Mauricio Maeterlinck ; traducido por Pedro de Tornamira. |
| 250 ## - MENCION DE EDICION | |
| Mención de edición | Tercera edición |
| 260 ## - PUBLICACION, DISTRIBUCION, ETC. (PIE DE IMPRENTA) | |
| Lugar de publicación, distribución, etc. | Madrid : |
| Nombre del editor, distribuidor, etc. | Espasa-Calpe, |
| Fecha de publicación, distribución, etc. | 1967. |
| 300 ## - DESCRIPCION FISICA | |
| Extensión | 216 páginas. |
| Dimensiones | 18 centímetros. |
| 490 1# - MENCION DE SERIE | |
| Mención de serie | Colección austral; |
| Designación numérica/secuencial del volumen | 606 |
| 504 ## - NOTA DE BIBLIOGRAFIA, ETC. | |
| Nota de bibliografía | Incluye bibliografía. |
| 650 14 - ASIENTO SECUNDARIO DE MATERIA - TERMINO TEMATICO | |
| Término temático o nombre geográfico como elemento de entrada | Abejas |
| Subdivisión de forma | Ensayos. |
| 9 (RLIN) | 64300 |
| 650 14 - ASIENTO SECUNDARIO DE MATERIA - TERMINO TEMATICO | |
| Término temático o nombre geográfico como elemento de entrada | Sociedades de insectos |
| Subdivisión de forma | Ensayos. |
| 9 (RLIN) | 64301 |
| 650 14 - ASIENTO SECUNDARIO DE MATERIA - TERMINO TEMATICO | |
| Término temático o nombre geográfico como elemento de entrada | Ensayos franceses. |
| 9 (RLIN) | 64297 |
| 700 1# - ASIENTO SECUNDARIO - NOMBRE PERSONAL | |
| Nombre personal | Tornamira, Pedro de, |
| Término de relación | trraductor |
| 9 (RLIN) | 64298 |
| 942 ## - ELEMENTOS ADICIONALES (KOHA) | |
| Sistema de clasificación | Dewey Decimal Classification |
| Tipo de ítem | Libro |
| Withdrawn status | Lost status | Sistema de Clasificación | Damaged status | No para préstamo | Colección | Inventariado | Ubicación Permanente | Ubicación actual | Fecha de adquisición | Fuente de Valor | Total Checkouts | Número topográfico | Inventario / Código de Barras | Date last seen | Ejemplar | Price effective from | Forma de adquisición | Tipo de material |
|---|---|---|---|---|---|---|---|---|---|---|---|---|---|---|---|---|---|---|
| Dewey Decimal Classification | Fondo Ramiro Osorio Osma | Inventariado 2017 | Bogotá | Bogotá | 17/03/2016 | Amazon | FRO-595.799 M13v | 039703 | 17/03/2016 | Ej. 1 | 17/03/2016 | Libro |